|
|
|
|
| LEADER |
01021nam a2200253 a 4500 |
| 001 |
4946815 |
| 008 |
090730s1997 enka b 001 0 eng d |
| 010 |
|
|
|a 96051162
|
| 020 |
|
|
|a 052155411X (hc)
|
| 020 |
|
|
|a 0521556252 (pb)
|
| 040 |
|
|
|a DLC
|c DLC
|d DLC
|
| 082 |
0 |
0 |
|a 828/.609
|2 21
|
| 245 |
0 |
4 |
|a The Cambridge companion to Samuel Johnson /
|c edited by Greg Clingham.
|
| 246 |
3 |
0 |
|a Samuel Johnson
|
| 260 |
|
|
|a Cambridge ;
|a New York :
|b Cambridge University Press,
|c 1997.
|
| 300 |
|
|
|a xx, 266 p. :
|b ill. ;
|c 24 cm.
|
| 490 |
|
0 |
|a Cambridge companions to literature
|
| 504 |
|
|
|a Includes bibliographical references (p. 254-259) and index.
|
| 541 |
1 |
|
|e 00014489
|
| 600 |
1 |
0 |
|a Johnson, Samuel,
|d 1709-1784
|x Criticism and interpretation
|v Handbooks, manuals, etc.
|
| 700 |
1 |
|
|a Clingham, Greg.
|
| 852 |
4 |
|
|a Ayesha Abed Library
|j General Shelf.
|
| 999 |
|
|
|c 3096
|d 3096
|
| 952 |
|
|
|0 0
|1 0
|2 ddc
|4 0
|6 828_609000000000000_CAM_1997
|7 0
|9 2809
|a BRACUL
|b BRACUL
|c GEN
|d 2009-08-30
|g 1253.00
|l 0
|o 828.609 CAM
|p 3010014489
|r 2009-08-30
|t 1
|w 2009-08-30
|y BK
|